000 00923nam a22002777a 4500
001 BR7807667
003 BR-BrBNA
005 20230928085825.0
007 ta
008 230509b bl.||||| |||| 00| 0 por d
040 _aBR-BrBNA
_bpor
_cBiblioteca Nacional de Agricultura
041 _a(Por)
072 _aF25; E70
_b3801
_b/G514
090 _ 3801 BR7807667
100 1 _aTrannin, J.A.R.
110 1 _aEmpresa de Assistencia Tecnica e Extensao Rural do Estado de Mato Grosso, Cuiaba (Brasil)
_94017
245 1 _aLevantamento da aquisicao e consumo de fertilizantes no estado de Mato Grosso 1977-78 [Brasil]
_bPrograma Nacional de Uso de Corretivos e Fertilizantes; Projeto: Embrater/FAO/MA
260 3 _aCuiaba, MT (Brasil):
_c1978.
300 _a11 p.
500 _a7 tables
650 _aFERTILIZANTE
650 _aCONSUMO
650 _aMATO GROSSO
909 _a202309
_bLucia
_c55
_dLucia Elande
942 _cBK
999 _c26531
_d26531